Players who have scored 10 goals in UCL - Statistics

General Stats
  • This quiz has been taken 53 times
  • The average score is 36 of 49
Answer Stats
Season Team Goals Answer % Correct
2017/18 Real Madrid 15 Cristiano Ronaldo
100%
2016/17 Real Madrid 12 Cristiano Ronaldo
100%
2015/16 Real Madrid 16 Cristiano Ronaldo
100%
2014/15 Real Madrid 10 Cristiano Ronaldo
100%
2013/14 Real Madrid 17 Cristiano Ronaldo
100%
2012/13 Real Madrid 12 Cristiano Ronaldo
100%
2011/12 Real Madrid 10 Cristiano Ronaldo
100%
2018/19 FC Barcelona 12 Lionel Messi
100%
2016/17 FC Barcelona 11 Lionel Messi
100%
2014/15 FC Barcelona 10 Lionel Messi
100%
2011/12 FC Barcelona 14 Lionel Messi
100%
2010/11 FC Barcelona 12 Lionel Messi
100%
2024/25 FC Barcelona 11 Robert Lewandowski
98%
2021/22 Bayern Munchen 13 Robert Lewandowski
98%
2019/20 Bayern Munchen 15 Robert Lewandowski
98%
2012/13 Borussia Dortmund 10 Robert Lewandowski
98%
2022/23 Manchester City 12 Erling Haaland
96%
2020/21 Borussia Dortmund 10 Erling Haaland
96%
2019/20 Salzburg/Borussia Dortmund 10 Erling Haaland
96%
2017/18 Liverpool 10 Mohammed Salah
94%
2017/18 Liverpool 10 Roberto Firmino
94%
2024/25 Bayern Munchen 11 Harry Kane
92%
2021/22 Real Madrid 15 Karim Benzema
92%
2017/18 Liverpool 10 Sadio Mane
92%
1972/73 Bayern Munchen 11 Gerd Müller
88%
2014/15 FC Barcelona 10 Neymar Jr
88%
2013/14 PSG 10 Zlatan Ibrahimovic
88%
2024/25 FC Barcelona 13 Raphinha
86%
2006/07 AC Milan 10 Kaka
78%
2024/25 Borussia Dortmund 13 Serhou Guirassy
76%
1957/58 Real Madrid 10 Alfredo Di Stéfano
73%
1999/00 Real Madrid 10 Raul
69%
2002/03 Manchester United 12 Ruud Van Nistelrooy
69%
2001/02 Manchester United 10 Ruud Van Nistelrooy
69%
2011/12 Bayern Munchen 12 Mario Gomez
67%
1988/89 AC Milan 10 Marco Van Basten
65%
1999/00 FC Barcelona 10 Rivaldo
59%
1997/98 Juventus 10 Alessandro Del Piero
55%
1959/60 Real Madrid 12 Ferenc Puskás
55%
2002/03 AC Milan 10 Filippo Inzaghi
49%
2021/22 Ajax 11 Sebastian Haller
47%
1958/59 Reims 10 Just Fontaine
29%
1999/00 Porto 10 Mario Jardel
20%
1964/65 SL Benfica 11 José Torres
10%
1962/63 AC Milan 14 José Altafini
8%
1960/61 SL Benfica 11 José Águas
4%
1979/80 Ajax 10 Søren Lerby
4%
1970/71 Panathinaikos 10 Antonis Antoniadis
2%
1978/79 Grasshopper 11 Claudio Sulser
2%
No matching quizzes found
Score Distribution
Percent of People with Each Score
Percentile by Number Answered
Your Score History
You have not taken this quiz